000 00725cam a22002293a 4500
001 45189
003 PGUSA
005 20140828084032.0
008 140323s2014||||xxu|||||s|||||000 | eng d
040 _aPGUSA
_beng
042 _adc
100 1 _aGuerber, H. A.
_q(Hélène Adeline),
_d1859-1929
245 1 0 _aMärchen und Erzählungen für Anfänger :
_bZweiter Teil
_h[electronic resource] /
_cH. A. Guerber
260 _bProject Gutenberg,
_c2014
506 _aPublic domain in the USA.
516 _aElectronic text
653 _aGerman language -- Readers
653 _aLanguages, Modern -- Study and teaching
830 0 _aProject Gutenberg
_v45189
856 4 0 _uhttp://www.gutenberg.org/ebooks/45189
942 _cEB
999 _c274440
_d274440